Statistiken für Länder, in denen 2023 ein Formel 1 Rennen stattfindet

Klicken Sie hier um das Quiz zu spielen!

Allgemein

  • Dieses Quiz wurde 151 mal gespielt
  • Das Durchschnittsergebnis liegt bei 17 aus 20

Antwortstatistiken

Land% Korrekt
USA
98%
Italien
94%
Japan
94%
Spanien
94%
Australien
92%
Belgien
90%
Brasilien
90%
Kanada
90%
Niederlande
89%
Österreich
89%
Mexiko
87%
Saudi-Arabien
83%
Bahrain
80%
Katar
80%
Monaco
79%
Ungarn
79%
Grossbritannien
75%
Singapur
75%
Vereinigte Arabische Emirate
72%
Aserbaidschan
69%

Verteilung der Resultate

Perzentil nach korrekt beantworteten Fragen

Anzahl Personen mit jedem Resultat

Ihre Resultats-Entwicklung

Sie haben dieses Quiz noch nicht gespielt